Une nichée de gentilshommes (Record no. 166575)

MARC details
000 -LEADER
campo de control de longitud fija 00712nam a22002055i 4500
001 - NÚMERO DE CONTROL
campo de control 166575
003 - IDENTIFICADOR DE NÚMERO DE CONTROL
campo de control ES-MaACL
005 - FECHA Y HORA DE LA ÚLTIMA TRANSACCIÓN
campo de control 20240524063011.0
008 - DATOS DE LONGITUD FIJA--INFORMACIÓN GENERAL
campo de control de longitud fija 050919s1861 fr | |||||||| ||fre d
040 ## - FUENTE DE CATALOGACIÓN
Centro catalogador/agencia de origen CAM
Lengua de catalogación spa
Centro/agencia transcriptor CAM
100 1# - ENTRADA PRINCIPAL--NOMBRE DE PERSONA
Nombre de persona Turguenev, Ivan Sergueevich,
Fechas asociadas al nombre 1818-1883
9 (RLIN) 133416
245 14 - MENCIÓN DEL TÍTULO
Título Une nichée de gentilshommes
Resto del título : moeurs de a vie de province en Russie /
Mención de responsabilidad, etc. Ivan Tourguenef.
260 ## - PUBLICACIÓN, DISTRIBUCIÓN, ETC.
Lugar de publicación, distribución, etc. Paris :
Nombre del editor, distribuidor, etc. Jung-Treuttel,
Fecha de publicación, distribución, etc. 1861 (
Lugar de fabricación/manufactura Bruxelles :
Fabricante Typ. de Veuve J. van Buggenhoudt)
300 ## - DESCRIPCIÓN FÍSICA
Extensión 305 p. ;
Dimensiones 18 cm.
490 1# - MENCIÓN DE SERIE
Mención de serie Collection Hetzel
830 0# - PUNTO DE ACCESO ADICIONAL DE SERIE-TÍTULO UNIFORME
Título uniforme Collection Hetzel
9 (RLIN) 188385
852 ## - LOCALIZACIÓN
Ubicación ES-MaACL
Número de control de estantería F-9826
Nota libre -- Enc. hol.
Holdings
Estatus retirado Estado de pérdida Estado de daño No para préstamo Colección Biblioteca de origen Biblioteca actual Ubicación en estantería Fecha de adquisición Fuente de adquisición Total de préstamos Signatura topográfica completa Código de barras Visto por última vez Precio de reemplazo Tipo de ítem Koha
        Libros del s. XIX Biblioteca del Ateneo de Madrid Biblioteca del Ateneo de Madrid Sala Pecera Planta 2 17/01/2008     F-9826 1174706 23/02/2023 23/02/2023 Libro impreso antiguo